| 000 | 00937nam a22002897a 4500 | ||
|---|---|---|---|
| 001 | 9497 | ||
| 003 | FISKH | ||
| 005 | 20260115104236.0 | ||
| 008 | 260115b cb ||||| |||| 00| 0 eng d | ||
| 020 | _a9781841354750 | ||
| 040 |
_aFISKH _beng _cFISKH _dFISKH |
||
| 082 | _a428.6 | ||
| 100 | _aBlyton , Enid | ||
| 245 |
_aThe walkaway shoes and other stories / _cby Enid Blyton : Ilustrated by Andrew Geeson |
||
| 250 | _aThis edition first published 2007 | ||
| 260 |
_aNottinghamshire : _bAward Publications Limited , _c1998 . |
||
| 300 |
_a191 pages : _billustrations ; _c19 cm . |
||
| 505 | _aO | ||
| 520 | _aA collection of short stories for the younger readers of ages 5-8 yrs. | ||
| 521 | 8 |
_a600
_bLexile |
|
| 521 | 8 |
_aO
_bRaz-Plus |
|
| 650 |
_aDonate _vJunior Fiction |
||
| 650 |
_aHome-Library _vJunior Fiction |
||
| 700 |
_aGeeson , Andrew _eIllustrator |
||
| 942 |
_2ddc _cBK _n0 |
||
| 999 |
_c9497 _d9497 |
||